Changing role of women in the industrial revolution in britain 1750-1860

Elmentve itt :
Bibliográfiai részletek
Szerző: Dzsuláné Janurik Krisztina
További közreműködők: Luttrell Warwick (Témavezető)
Dokumentumtípus: Szakdolgozat
Megjelent: 1996
Tárgyszavak:
Online Access:http://diploma.bibl.u-szeged.hu/77652
LEADER 00609nta a2200157 i 4500
001 dipl77652
005 20200623124504.0
008 190619s1996 hu om 0|| eng d
040 |a SZTE Diploma Repozitórium  |b hun 
041 |a eng 
100 2 |a Dzsuláné Janurik Krisztina 
245 1 0 |a Changing role of women in the industrial revolution in britain 1750-1860  |h [elektronikus dokumentum] /  |c Krisztina Dzsuláné Janurik 
260 |c 1996 
650 4 |a Pedagógusképzés 
700 1 |a Luttrell Warwick  |e ths 
856 4 0 |u http://diploma.bibl.u-szeged.hu/id/eprint/77652/1/1996_dzsulane_janurik_krisztina.pdf  |z Dokumentum-elérés